=LDR 00000nam 2200000 4500 =001 INLIS000000000033194 =005 20260105092108 =035 ##$$a 0010-061300000033194 =008 260105################g##########0#ind## =041 ##$$a ind =082 ##$$a 659.2 =090 ##$$a 659.2, Ang,t =100 #$$a M.Linggar Anggoro =245 1#$$a Teori dan profesi Kehumasan : $b serta aplikasinya di Indonesia /$c M. Langgar Anggoro =260 ##$$a Jakarta :$b Bumi Aksara,$c 2000 =300 ##$$a xii, 318 hlm. ; $c 23 cm =650 #4$$a Hubungan Masyarakat =850 ##$$a NBPNMAT =020 ##$$a 979-526-480-X =084 ##$$a 659.2 LIN t =250 ##$$a Ed. 1, Cet. 3 =990 ##$$a 0001/BPAP-NTB/20142015 =990 ##$$a 00093736 =990 ##$$a 11751175 =990 ##$$a 20610167 =990 ##$$a 0001/BPAP-NTB/20142015 =990 ##$$a 00093736